000 00735nam 22002293 4500
001 200318
010 _a978-972-21-2959-6
021 _aPT
_b445 078/18
090 _a200318
100 _a20260203d u||y0pory50 ba
101 _apor
200 _aA Água e a Águia
_fMia Couto
_gIlustração de Danuta Wojciechowska
205 _a2ª (reimp.)
210 _aAlfragide
_cEditorial Caminho
_d2024
215 _a[28] p. : todo il.
_cEncadernado
_d23 x 29 cm
606 _91017
_aLiteratura infantil moçambicana
675 _a821.134.3(679)-93/COU/AGU
_vPT
_zpor
700 _91018
_aCouto
_bMia
_f1955-
701 _9852
_aWojciechowska
_bDanuta
_f1960-
801 _aPT
_bBMMN
_gRPC
830 _cCarlos Pinto
_d03-02-2026
_fCarlos Pinto
990 _cLIVROS